| 000 | 00464nam a2200217Ia 4500 | ||
|---|---|---|---|
| 003 | IT-RoPAU | ||
| 008 | 120407s9999 xx 000 0 und d | ||
| 040 | _aIT-RoPAU | ||
| 040 | _cIT-RoPAU | ||
| 041 | _aita | ||
| 100 | _aPercy Williams Bridgman | ||
| 245 | _aLa natura della teoria fisica | ||
| 250 | _aFirenze | ||
| 260 | _aLa Nuova Italia | ||
| 260 | _c1965 | ||
| 300 | _a155 p. | ||
| 300 | _c19,5 cm | ||
| 490 | _v1 | ||
| 942 | _cBK | ||
| 999 |
_c26271 _d26271 |
||